书目信息 |
| 题名: |
料理店
|
|
| 作者: | 精品文化 | |
| 分册: | ||
| 出版信息: | 武汉 华中科技大学出版社 2015.05 |
|
| 页数: | 159页 | |
| 开本: | 26cm | |
| 丛书名: | ||
| 单 册: | ||
| 中图分类: | TU247.3-64 | |
| 科图分类: | ||
| 主题词: | 民用建筑--建筑设计 | |
| 电子资源: | ||
| ISBN: | 978-7-5680-0644-6 | |
| 000 | 00626nam0 2200217 450 | |
| 001 | 828 | |
| 005 | 20160912094437.56 | |
| 010 | @a978-7-5680-0644-6@dCNY48.00 | |
| 092 | @bLI | |
| 100 | @a20160724d2015 km y0chiy0120 ea | |
| 101 | 0 | @achi |
| 102 | @aCN@b420000 | |
| 200 | 1 | @a料理店@Aliao li dian@f精品文化@Fjing pin wen hua |
| 210 | @a武汉@c华中科技大学出版社@d2015.05 | |
| 215 | @a159页@d26cm | |
| 330 | @a饮食业·服务建筑·室内装饰设计·图集 | |
| 606 | 0 | @a民用建筑@x建筑设计 |
| 690 | @aTU247.3-64@v4 | |
| 701 | 0 | @a精品文化@Ajing pin wen hua |
| 801 | 0 | @aCN@b唐山师范学院图书馆@c20160724 |
| 905 | @aZUCC@dTU247.3-64@e797 | |
| 料理店/精品文化.-武汉:华中科技大学出版社,2015.05 |
| 159页;26cm |
| ISBN 978-7-5680-0644-6:CNY48.00 |
| 饮食业·服务建筑·室内装饰设计·图集 |
| ● |
| 相关链接 |
|
|
|
|
正题名:料理店
索取号:TU247.3-64/797
 
预约/预借
| 序号 | 登录号 | 条形码 | 馆藏地/架位号 | 状态 | 备注 |
| 1 | 903625 | 209036256 | 第二样本阅览室/ [索取号:TU247.3-64/797] | 在馆 | |
| 2 | 903626 | 209036265 | 第三借阅区/ [索取号:TU247.3-64/797] | 在馆 | |
| 3 | 903627 | 209036274 | 第三借阅区/ [索取号:TU247.3-64/797] | 在馆 | |
| 4 | 903628 | 209036283 | 第三借阅区/ [索取号:TU247.3-64/797] | 在馆 | |
| 5 | 903629 | 209036292 | 第三借阅区/ [索取号:TU247.3-64/797] | 在馆 |